Universitäten in Niedersachsen - Statistiken

Allgemein
  • Dieses Quiz wurde 155 mal gespielt
  • Das Durchschnittsergebnis liegt bei 8 aus 10
Antwortstatistiken
Name Gründung Studierende Stadt % Korrekt
Leibniz-Universität 1899 ca. 27.000 Hannover
100%
Stiftung TierärztlicheHochschule 1778 ca. 2.000 Hannover
100%
Carl-von-Ossietzky-Universität 1973 ca. 15.000 Oldenburg
94%
Technische UniversitätCarolo-Wilhelmina 1745 ca. 16.000 Braunschweig
92%
Universität [Stadtname] 1974 ca. 13.000 Osnabrück
92%
Georg-August-Universität 1737 ca. 22.000 Göttingen
89%
Leuphana Universität 1989 ca. 10.000 Lüneburg
75%
Universität [Stadtname] 1989 ca. 8.000 Hildesheim
70%
Universität [Stadtname] 2010 ca. 4.000 Vechta
40%
Technische Universität 1775 ca. 3.000 Clausthal
27%
Keine übereinstimmenden Quizze gefunden
Verteilung der Resultate
Anzahl Personen mit jedem Resultat
Perzentil nach korrekt beantworteten Fragen
Ihre Resultats-Entwicklung
Sie haben dieses Quiz noch nicht gespielt